01442nam a2200361Ia 4500001001200000003000800012006001900020007001500039008004100054010001700095020003500112020001800147020001800165040002100183035002100204050002200225082001800247100001900265245020300284260005300487300001600540504006600556533015200622650002400774650001700798655002900815700002100844700002800865700001800893700002600911710001700937856012600954ebr10597417CaPaEBRm u cr cn|||||||||040309s2004 gw sb 001 0 eng d z 2004005300 z3110180014 (pbk. : alk. paper) z9783110180015 z9783110902440 aCaPaEBRcCaPaEBR a(OCoLC)81140765114aP158b.C49 2004eb04a415/.01822221 aChomsky, Noam.14aThe generative enterprise revisitedh[electronic resource] :bdiscussions with Riny Huybregts, Henk van Riemsdijk, Naoki Fukui, and Mihoko Zushi, with a new foreword by Noam Chomsky /cNoam Chomsky. aBerlin ;aNew York :bMouton de Gruyter,cc2004. axvi, 211 p. aIncludes bibliographical references (p. [189]-198) and index. aElectronic reproduction.bPalo Alto, Calif. :cebrary,d2011.nAvailable via World Wide Web.nAccess may be limited to ebrary affiliated libraries. 0aGenerative grammar. 0aLinguistics. 7aElectronic books.2local1 aHuybregts, Riny.1 aRiemsdijk, Henk C. van.1 aFukui, Naoki.1 aZushi, Mihoko,d1964-2 aebrary, Inc.40uhttp://site.ebrary.com/lib/rucke/Doc?id=10597417zAn electronic book accessible through the World Wide Web; click to view